000 01372nam a2200313 a 4500
001 ebr10492889
003 CaPaEBR
006 m u
007 cr cn|||||||||
008 110217s2011 nju sb 001 0 eng d
010 _z 2011005722
020 _z9780691151588
020 _z9781400839698 (e-book)
040 _aCaPaEBR
_cCaPaEBR
035 _a(OCoLC)753704556
050 1 4 _aHM753
_b.B76 2011eb
082 0 4 _a305
_222
100 1 _aBrooks, Peter,
_d1938-
245 1 0 _aEnigmas of identity
_h[electronic resource] /
_cPeter Brooks.
260 _aPrinceton :
_bPrinceton University Press,
_c2011.
300 _a226 p.
504 _aIncludes bibliographical references and index.
505 0 _aMarks of identity -- Egotisms -- The "outcast of the universe"? -- Discovering the self in self-pleasuring -- "Inevitable discovery" : searches, narrative, identity -- The derealization of self -- The madness of art -- Epilogue : the identity paradigm.
533 _aElectronic reproduction.
_bPalo Alto, Calif. :
_cebrary,
_d2011.
_nAvailable via World Wide Web.
_nAccess may be limited to ebrary affiliated libraries.
650 0 _aGroup identity.
655 7 _aElectronic books.
_2local
710 2 _aebrary, Inc.
856 4 0 _uhttp://site.ebrary.com/lib/rucke/Doc?id=10492889
_zAn electronic book accessible through the World Wide Web; click to view
999 _c228163
_d228163